000 00290nam a2200109Ia 4500
008 220120s9999||||xx |||||||||||||| ||und||
100 _aKarantha, Sivarama
_93673
245 0 _aMookajjiya Kanasugalu
260 _aSapna book house
_bNew Delhi
300 _a940p.
_b500
650 _aGENERAL BOOKS
999 _c137365
_d137365